Detalles MARC
| 000 -LEADER |
| fixed length control field |
01408nam a2200373 a 4500 |
| 005 - FECHA ULTIMA MODIFICACION |
| control field |
20240412122852.0 |
| 008 - CAMPO DE CONTROL (LIBRO) |
| fixed length control field |
100805e1985||||mx 01 f01 s sp spa d |
| 020 ## - INTERNATIONAL STANDARD BOOK NUMBER |
| ISBN |
9682306671 |
| 041 ## - CODIGO DE IDIOMA |
| Código de idioma del texto/pista de sonido o título separado |
spa |
| 092 ## - SIGNATURA TOPOGRAFICA DEWEY LOCAL |
| número de clasificación |
128 |
| libristica |
26 |
| sección |
FRO |
| 100 1# - ENTRADA PRINCIPAL--NOMBRE PERSONAL |
| Nombre personal |
Fromm, Erich |
| 9 (RLIN) |
3118 |
| 245 ## - TITULO PROPIAMENTE DICHO |
| Título |
Anatomia de la destructividad humana / |
| Mención de responsabilidad y remanente de la transcripción de la portada |
Erich Fromm |
| 250 ## - MENCION DE EDICION |
| Mención de edición |
9a ed. |
| Mención de responsabilidad relacionada con la ed. |
Traducción Felix Blanco; revisión de Ignacio Millán. |
| 260 ## - PIE DE IMPRENTA |
| Lugar de publicación, distribución, etc |
México: |
| Nombre de la editorial, distribuidor, etc |
Siglo veintiuno editores; |
| Fecha de publicación |
1985. |
| 300 ## - DESCRIPCION FISICA |
| Extension |
507 p. |
| 500 ## - NOTA GENERAL |
| Nota general |
Fromm, E. (1985). Anatomía de la destructividad humana. (9a ed.). Buenos Aires : Siglo Veintiuno editores. |
| 590 ## - NOTAS LOCALES (RLIN) |
| Nota local |
Donación Dora Vera,febrero 2017 |
| 653 #4 - TÉRMINO INDIZADO - PALABRAS CLAVES |
| Palabra clave |
Los instintivistas |
| 653 ## - TÉRMINO INDIZADO - PALABRAS CLAVES |
| Palabra clave |
Ambientalistas y conductistas |
| 653 ## - TÉRMINO INDIZADO - PALABRAS CLAVES |
| Palabra clave |
Instintivismo y conductismo: diferencias y semejanzas |
| 653 #3 - TÉRMINO INDIZADO - PALABRAS CLAVES |
| Palabra clave |
El modo psicoanalitico de comprender la agresión |
| 653 #3 - TÉRMINO INDIZADO - PALABRAS CLAVES |
| Palabra clave |
La neurofisiologia |
| 653 #3 - TÉRMINO INDIZADO - PALABRAS CLAVES |
| Palabra clave |
El comportamiento animal |
| 653 #3 - TÉRMINO INDIZADO - PALABRAS CLAVES |
| Palabra clave |
La paleontologia |
| 653 ## - TÉRMINO INDIZADO - PALABRAS CLAVES |
| Palabra clave |
Antropologia |
| 653 #3 - TÉRMINO INDIZADO - PALABRAS CLAVES |
| Palabra clave |
La agresion benigna |
| 653 #3 - TÉRMINO INDIZADO - PALABRAS CLAVES |
| Palabra clave |
La agresion maligna: premisas |
| 653 #3 - TÉRMINO INDIZADO - PALABRAS CLAVES |
| Palabra clave |
La agresion maligna: crueldad y destructividad |
| 653 #3 - TÉRMINO INDIZADO - PALABRAS CLAVES |
| Palabra clave |
La agresion maligna: necrofilia |
| 653 #3 - TÉRMINO INDIZADO - PALABRAS CLAVES |
| Palabra clave |
La agresion maligna: Adolfo Hitler, caso clinico de necrofilia |
| 653 ## - TÉRMINO INDIZADO - PALABRAS CLAVES |
| Palabra clave |
Apéndice: La teoria Freudiana de la agresividad y la destructividad |
| 930 ## - NUMERO DE INVENTARIO |
| Número de inventario |
3751 |
| 942 ## - ADDED ENTRY ELEMENTS (KOHA) |
| Source of classification or shelving scheme |
Dewey Decimal Classification |
| Item type |
Libros |